|
|
|
|
| LEADER |
01141nam a2200337 a 4500 |
| 001 |
GR-Patra9984 |
| 008 |
991022s1992 gr 000 b ita d |
| 040 |
|
|
|a GrPaTEI
|b gre
|c GR-PaULI
|
| 245 |
0 |
0 |
|a Fisica :
|b per la preparazione agliesami.
|
| 250 |
|
|
|a 2nt ed.
|
| 260 |
|
|
|a Αθήνα :
|b [χ.ο.],
|c 1992
|
| 300 |
|
|
|a 152σ.
|
| 650 |
|
0 |
|a ITALIAN LANGUAGE
|
| 650 |
|
0 |
|a PHYSICS
|
| 650 |
|
0 |
|a TERMINOLOGY
|
| 650 |
|
4 |
|a ΑΚΟΥΣΤΙΚΗ
|
| 650 |
|
4 |
|a ΗΛΕΚΤΡΙΣΜΟΣ
|
| 650 |
|
4 |
|a ΗΛΕΚΤΡΟΜΑΓΝΗΤΙΣΜΟΣ
|
| 650 |
|
4 |
|a Θερμοδυναμική
|
| 650 |
|
4 |
|a ΙΤΑΛΙΚΗ ΓΛΩΣΣΑ
|
| 650 |
|
4 |
|a ΜΗΧΑΝΙΚΗ
|
| 650 |
|
4 |
|a Οπτική
|
| 650 |
|
4 |
|a ΟΡΟΛΟΓΙΑ
|
| 650 |
|
4 |
|a ΠΥΡΗΝΙΚΗ ΦΥΣΙΚΗ
|
| 650 |
|
4 |
|a ΦΥΣΙΚΗ
|
| 650 |
|
4 |
|a ΦΥΣΙΚΗ
|
| 700 |
1 |
|
|a Ανθοπούλου, Ελένη
|
| 942 |
|
|
|2 ddc
|
| 952 |
|
|
|0 0
|1 0
|2 ddc
|4 0
|6 530_000000000000000_ΑΝΘ
|7 0
|9 290612
|a LISK
|b LISK
|c BSC
|d 2021-01-17
|e 24
|f 0
|g 0.00
|l 0
|o 530 ΑΝΘ
|p 92410012791
|r 2021-01-17 00:00:00
|t 1
|w 2021-01-17
|y BK15
|x 19991024 0 1
|x GrPaTEI
|
| 971 |
|
|
|a .b26574998
|b 15-04-20
|c 23-09-16
|
| 999 |
|
|
|c 169703
|d 169703
|